[Event "New South Wales-ch"]
[Site "Sydney"]
[Date "1991.10.20"]
[Round "10"]
[White "Flatow, Alfred"]
[Black "Kanikevich, Alexander"]
[Result "1/2-1/2"]
[WhiteElo "2146"]
[BlackElo "2267"]
[PlyCount "57"]
[EventDate "1991.08.11"]
[EventType "tourn"]
[EventRounds "11"]
[EventCountry "AUS"]
[SourceTitle "EXT 2006"]
[Source "ChessBase"]
[SourceDate "2005.11.24"]
[SourceVersion "1"]
[SourceVersionDate "2005.11.24"]
[SourceQuality "1"]

1. e4 Nf6 2. e5 Nd5 3. d4 d6 4. Nf3 Bg4 5. Be2 c6 6. 0-0 Bxf3 7. Bxf3 dxe5 8. dxe5 e6 9. c4 Ne7 10. Qxd8+ Kxd8 11. Be4 Nd7 12. f4 Nf5 13. Nc3 Bc5+ 14. Kh1 Kc7 15. Rb1 a5 16. b3 Rhd8 17. Na4 h5 18. g3 g6 19. Kg2 Bd4 20. Bxf5 gxf5 21. Ba3 c5 22. Rbd1 Kc6 23. Rd3 Nb6 24. Rfd1 Nxa4 25. bxa4 Rd7 26. Kf3 b6 27. Bc1 Rg8 28. Be3 Rgd8 29. Bf2 1/2-1/2

[Event "New South Wales-ch"]
[Site "Sydney"]
[Date "1991.08.18"]
[Round "2"]
[White "Kanikevich, Alexander"]
[Black "Wallace, John Paul"]
[Result "1-0"]
[WhiteElo "2267"]
[BlackElo "2104"]
[PlyCount "120"]
[EventDate "1991.08.11"]
[EventType "tourn"]
[EventRounds "11"]
[EventCountry "AUS"]
[SourceTitle "EXT 2006"]
[Source "ChessBase"]
[SourceDate "2005.11.24"]
[SourceVersion "1"]
[SourceVersionDate "2005.11.24"]
[SourceQuality "1"]

1. Nf3 Nf6 2. c4 c5 3. g3 b6 4. Bg2 Bb7 5. 0-0 g6 6. b3 Bg7 7. Bb2 0-0 8. Nc3 Na6 9. d3 e6 10. e4 d6 11. Qe2 Nd7 12. Nb5 Ne5 13. d4 cxd4 14. Bxd4 Nxf3+ 15. Bxf3 Bxd4 16. Nxd4 e5 17. Nc2 Nc5 18. Rad1 Qe7 19. Rd2 Rad8 20. Rfd1 a5 21. Qe3 Bc6 22. a3 Qb7 23. Rxd6 Rxd6 24. Rxd6 f5 25. b4 Nxe4 26. Re6 Rd8 27. b5 Be8 28. Bxe4 fxe4 29. Rxe5 Bf7 30. Qxe4 Rd1+ 31. Kg2 Qxe4+ 32. Rxe4 Rc1 33. Ne3 Rc3 34. a4 Ra3 35. Nd5 Rxa4 36. Nxb6 Rb4 37. Rd4 a4 38. h4 Kg7 39. Rd7 Kf6 40. Rc7 a3 41. Ra7 Bxc4 42. Nxc4 Rxc4 43. Rxa3 Rb4 44. Ra6+ Kf5 45. Rb6 Rb3 46. Rb8 h5 47. b6 Kf6 48. Kf1 Rb2 49. Ke1 Kg7 50. f3 Kf7 51. Kd1 Kg7 52. Kc1 Rb5 53. Kc2 Rb4 54. Kc3 Rb1 55. Kc4 Rf1 56. Rd8 Rc1+ 57. Kb5 Rc3 58. b7 Rb3+ 59. Kc6 Rc3+ 60. Kb6 Rb3+ 1-0

[Event "Sydney Cepacol"]
[Site "Sydney"]
[Date "1991.??.??"]
[Round "7"]
[White "Solomon, Stephen J"]
[Black "Kanikevich, Alexander"]
[Result "1-0"]
[WhiteElo "2420"]
[BlackElo "2360"]
[PlyCount "41"]
[EventDate "1991.01.??"]
[EventType "tourn"]
[EventRounds "9"]
[EventCountry "AUS"]
[EventCategory "9"]
[SourceTitle "CBM 023"]
[Source "ChessBase"]
[SourceDate "1991.08.01"]
[SourceVersion "1"]
[SourceVersionDate "1991.08.01"]
[SourceQuality "1"]

1. e4 Nf6 2. e5 Nd5 3. d4 d6 4. c4 Nb6 5. f4 dxe5 6. fxe5 c5 7. d5 g6 8. Bf4 Bg7 9. Nc3 0-0 10. Qd2 e6 11. 0-0-0 exd5 12. cxd5 c4 13. Nf3 Bg4 14. Bh6 Bxf3 15. Bxg7 Bxd1 16. Bf6 N8d7 17. Bxd8 Raxd8 18. Qxd1 Nxe5 19. h4 h5 20. Be2 Rd6 21. Ne4 1-0

[Event "AUS-ch Major"]
[Site "Sydney"]
[Date "1990.??.??"]
[Round "1"]
[White "Falchoni, Mario"]
[Black "Kanikevich, Alexander"]
[Result "0-1"]
[WhiteElo "2122"]
[BlackElo "2394"]
[PlyCount "62"]
[EventDate "1990.01.??"]
[EventType "swiss"]
[EventRounds "11"]
[EventCountry "AUS"]
[SourceTitle "EXT 2011"]
[Source "ChessBase"]
[SourceDate "2010.11.26"]
[SourceVersion "1"]
[SourceVersionDate "2010.11.26"]
[SourceQuality "1"]

1. d4 Nf6 2. Nf3 g6 3. c4 Bg7 4. g3 0-0 5. Nc3 d5 6. Bg2 c6 7. Ne5 dxc4 8. 0-0 Be6 9. a4 Nbd7 10. f4 Nxe5 11. fxe5 Nd5 12. Ne4 Nc7 13. Nc5 Qc8 14. Bg5 b6 15. Bxe7 bxc5 16. Bxc6 Nd5 17. Bxa8 Nxe7 18. Bg2 Rd8 19. e3 Nf5 20. Qe1 cxd4 21. exd4 Nxd4 22. Rd1 Qc5 23. Kh1 Bxe5 24. Qf2 Bd5 25. Bxd5 Qxd5+ 26. Qg2 Qxg2+ 27. Kxg2 Rb8 28. Rf2 Nf5 29. Rd7 Rxb2 30. Rxb2 Bxb2 31. Rxa7 c3 0-1

[Event "AUS-ch Major"]
[Site "Sydney"]
[Date "1990.??.??"]
[Round "4"]
[White "Kanikevich, Alexander"]
[Black "Sztern, Abraham"]
[Result "1-0"]
[WhiteElo "2394"]
[BlackElo "2193"]
[PlyCount "85"]
[EventDate "1990.01.??"]
[EventType "swiss"]
[EventRounds "11"]
[EventCountry "AUS"]
[SourceTitle "EXT 2011"]
[Source "ChessBase"]
[SourceDate "2010.11.26"]
[SourceVersion "1"]
[SourceVersionDate "2010.11.26"]
[SourceQuality "1"]

1. d4 Nf6 2. Nf3 e6 3. c4 b6 4. g3 Bb7 5. Bg2 Bb4+ 6. Bd2 Bxd2+ 7. Qxd2 0-0 8. Nc3 Ne4 9. Qc2 f5 10. Ne5 d5 11. 0-0 Nd7 12. Rfd1 Qe7 13. cxd5 Nxe5 14. dxe5 Qc5 15. e3 Bxd5 16. Rac1 Nxc3 17. Qxc3 Qxc3 18. Rxc3 Bxg2 19. Kxg2 Rf7 20. Rc6 Re7 21. Kf3 Kf8 22. e4 fxe4+ 23. Kxe4 Ke8 24. Rdc1 Kd8 25. f4 Kc8 26. g4 Kb7 27. f5 exf5+ 28. gxf5 Rae8 29. Kf4 Rd8 30. e6 Rd2 31. R1c2 Rd1 32. R6c4 Rf1+ 33. Ke5 Re1+ 34. Re4 Rf1 35. Rce2 Rc1 36. b4 a5 37. f6 gxf6+ 38. Kxf6 Re8 39. Kf7 Ra8 40. Rf4 Rd1 41. e7 Rd7 42. bxa5 bxa5 43. Rg4 1-0